书目信息 |
| 题名: |
中国水稻品种志
|
|
| 作者: | 万建民 , 总 主编 | |
| 分册: | ||
| 出版信息: | 北京 中国农业出版社 2018.12 |
|
| 页数: | 160页 | |
| 开本: | 26cm | |
| 丛书名: | ||
| 单 册: | ||
| 中图分类: | S511.037 | |
| 科图分类: | ||
| 主题词: | 水稻--品种--湖南 | |
| 电子资源: | ||
| ISBN: | 978-7-109-24933-2 | |
| 000 | 00909nam0 2200241 45 | |
| 001 | 012001000578 | |
| 005 | 20131106130719.0 | |
| 010 | @a978-7-109-24933-2@b精装@dCNY190.00 | |
| 100 | @a20181122d2018 em y0chiy0110 ea | |
| 101 | 0 | @achi |
| 102 | @aCN@b110000 | |
| 105 | @ay z 000yy | |
| 106 | @ar | |
| 200 | 1 | @a中国水稻品种志@Azhong guo shui dao pin zhong zhi@f万建民,总主编 |
| 210 | @a北京@c中国农业出版社@d2018.12 | |
| 215 | @a160页@d26cm | |
| 330 | @a本书主要介绍了中国稻作区划与水稻品种变迁、湖南省稻作区划与水稻品种变迁,以及常规籼稻、杂交籼稻、常规粳稻、杂交粳稻的品种来源、形态特征和生物学特性、品质特性、抗性、产量及适宜地区、栽培要点等内容。每一品种均配以该品种的彩色照片,图文并茂。 | |
| 606 | 0 | @a水稻@x品种@x湖南 |
| 690 | @aS511.037@v5 | |
| 701 | 0 | @a万建民@Awan jian min@4主编 |
| 701 | 0 | @a总@Azong@4主编 |
| 801 | 0 | @aCN@b北京卓展文化@c20191020 |
| 905 | @b1196416-7@dS511.037@e91@f2 | |
| 中国水稻品种志/万建民,总主编.-北京:中国农业出版社,2018.12 |
| 160页;26cm |
| ISBN 978-7-109-24933-2(精装):CNY190.00 |
| 本书主要介绍了中国稻作区划与水稻品种变迁、湖南省稻作区划与水稻品种变迁,以及常规籼稻、杂交籼稻、常规粳稻、杂交粳稻的品种来源、形态特征和生物学特性、品质特性、抗性、产量及适宜地区、栽培要点等内容。每一品种均配以该品种的彩色照片,图文并茂。 |
| ● |
| 相关链接 |
|
|
|
|
正题名:中国水稻品种志
索取号:S511.037/91
 
预约/预借
| 序号 | 登录号 | 条形码 | 馆藏地/架位号 | 状态 | 备注 |
| 1 | 1196416 | 211964169 | 第二样本阅览室/ [索取号:S511.037/91] | 在馆 | |
| 2 | 1196417 | 211964178 | 第三借阅区/ [索取号:S511.037/91] | 在馆 |